Ho'oponopono : havajský rituál odpuštění /

Hlavní autor: Duprée, Ulrich Emil, 1962-
Jazyk: Čeština
Vydáno: Praha : Pavel Dobrovský - Beta, 2014
Vydání: Vyd. 1.
Témata:
Fyzický popis: 93 s. : barev. il. ; 17 cm
Knihy
Uloženo v:
LEADER 02303nam a2200613 a 4500
001 nkc20142617102
003 CZ PrNK
005 20150107120426.0
007 ta
008 140908s2014 xr a e f 000 0 cze
015 |a cnb002617102 
020 |a 978-80-7306-645-1  |q (brož.) 
035 |a (OCoLC)903089226 
040 |a OLA001  |b cze 
041 1 |a cze  |h ger 
072 7 |a 13  |x Filozofie ducha  |2 Konspekt  |9 5 
080 |a 615.85:259(739.9)  |2 MRF 
080 |a 159.923.2  |2 MRF 
080 |a 177.74  |2 MRF 
080 |a 159.923.2:17.024.3  |2 MRF 
080 |a 2-312.6-584.5  |2 MRF 
080 |a 159.955  |2 MRF 
080 |a 17.02  |2 MRF 
080 |a 13  |2 MRF 
080 |a (0.062)  |2 MRF 
100 1 |a Duprée, Ulrich Emil,  |d 1962-  |7 ola2014838382  |4 aut 
245 1 0 |a Ho'oponopono :  |b havajský rituál odpuštění /  |c Ulrich Emil Duprée ; [z německého originálu ... přeložila Michaela Škultéty] 
246 3 0 |a Havajský rituál odpuštění ho'oponopono 
250 |a Vyd. 1. 
260 |a Praha :  |b Pavel Dobrovský - Beta,  |c 2014 
300 |a 93 s. :  |b barev. il. ;  |c 17 cm 
504 |a Obsahuje bibliografické odkazy 
650 0 7 |a Ho'oponopono  |7 ph842419  |2 czenas 
650 0 7 |a sebepoznání  |7 ph116116  |x duchovní aspekty  |2 czenas 
650 0 7 |a odpuštění  |7 ph123699  |2 czenas 
650 0 7 |a vyrovnání se s minulostí  |7 ph210129  |x duchovní aspekty  |2 czenas 
650 0 7 |a vnitřní konverze (náboženství)  |7 ph127150  |2 czenas 
650 0 7 |a řešení problémů  |7 ph137287  |x duchovní aspekty  |2 czenas 
650 0 7 |a životní harmonie  |7 ph138147  |x duchovní aspekty  |2 czenas 
650 0 9 |a Ho'oponopono  |2 eczenas 
650 0 9 |a self-consciousness  |x spiritual aspects  |2 eczenas 
650 0 9 |a forgiveness  |2 eczenas 
650 0 9 |a coming to terms with the past  |x spiritual aspects  |2 eczenas 
650 0 9 |a interior conversion  |2 eczenas 
650 0 9 |a problem solving  |x spiritual aspects  |2 eczenas 
650 0 9 |a harmony of life  |x spiritual aspects  |2 eczenas 
655 7 |a populárně-naučné publikace  |7 fd131864  |2 czenas 
655 9 |a popular works  |2 eczenas 
765 0 |t Ho'oponopono  |9 Česky 
910 2 |a BOA001  |b 1-1331.803 
990 |a BK 
995 |a 01 
991 |b 201409  |c NOV  |e n 
996 6 |b 2610604251  |c 1-1331.803  |l MZK  |r Sklad / do 1 hodiny  |n 8  |p p.v.  |w 001454639  |u 000010  |a 1  |e BOA001  |j MZK50  |s P